000 00563nam a2200229Ia 4500
003 OSt
005 20250219142135.0
008 210423s2010 xx 000 0 und d
020 _a9788130914992
040 _cAL
041 _aeng
082 _a332
_223
_bBROS
100 _aBrian Brown
_992610
245 _aSuccessful finance
260 _aNew Delhi
_bViva Books Pvt Ltd
_c2010
300 _a220
_bPB
365 _b250
_cINR
650 _aEconomics
_992611
650 _aFinancial Economics
_992612
906 _afinance ; Successful
942 _2ddc
_cBK
999 _c161015
_d161015